| 000 | 00745nam a22002777a 4500 | ||
|---|---|---|---|
| 005 | 20260323171513.0 | ||
| 008 | 160225b2010 xxu||||| |||| 00| 0 spa d | ||
| 020 | _a9788499670041 | ||
| 041 | _aESP | ||
| 082 | _a364.3 P438cr | ||
| 100 |
_aPérez Abellán, Francisco _95472 |
||
| 245 | _aCrimen y criminales 2 : clave para entender el terrible mundo del crimen | ||
| 260 | _aEspaña | ||
| 260 | _bNowtilus | ||
| 260 | _c2010 | ||
| 300 | _a285 páginas | ||
| 490 | _aInvestigación Criminal | ||
| 650 | _aPSICOLOGÍA CRIMINAL | ||
| 650 | _aCRIMINOLOGÍA | ||
| 650 | _aCRIMENES | ||
| 650 | _aTIPOS DE PERSONALIDAD | ||
| 650 | _aGRANDES MISTERIOS DE CRIMENES | ||
| 650 | _aJUSTICIA | ||
| 650 | _aSEGURIDAD | ||
| 942 |
_cBK _2ddc |
||
| 999 |
_c7719 _d7719 |
||